Diccionario y gramática Chibcha : manuscrito anónimo de la Biblioteca Nacional de Colombia / (Registro nro. 1824)

000 -CABECERA
campo de control de longitud fija 00846nam a2200241 a 4500
001 - NÚMERO DE CONTROL
campo de control 000030807
005 - FECHA Y HORA DE LA ÚLTIMA TRANSACCIÓN
campo de control 20200120222205.0
008 - DATOS DE LONGITUD FIJA--INFORMACIÓN GENERAL
campo de control de longitud fija 070926s1987 cola gr0 000 d
082 04 - NÚMERO DE LA CLASIFICACIÓN DECIMAL DEWEY
Número de clasificación R
Número de documento/Ítem 498.2
-- D42
245 10 - MENCIÓN DE TÍTULO
Título Diccionario y gramática Chibcha : manuscrito anónimo de la Biblioteca Nacional de Colombia /
Mención de responsabilidad, etc. transcripción y estudio histórico-analítico por : María Stella González de Pérez.
250 ## - MENCIÓN DE EDICIÓN
Mención de edición 1a. ed.
260 ## - PUBLICACIÓN, DISTRIBUCIÓN, ETC.
Lugar de publicación, distribución, etc. Bogotá :
Nombre del editor, distribuidor, etc. Instituto Caro y Cuervo,
Fecha de publicación, distribución, etc. 1987.
300 ## - DESCRIPCIÓN FÍSICA
Extensión xiv, 395 p. : il.
490 #0 - MENCIÓN DE SERIE
Mención de serie Biblioteca Ezequiel Uricoechea ; No.1
500 ## - NOTA GENERAL
Nota general Incluye aéndice
650 14 - PUNTO DE ACCESO ADICIONAL DE MATERIA--TÉRMINO DE MATERIA
Término de materia o nombre geográfico como elemento de entrada CHIBCHAS
650 14 - PUNTO DE ACCESO ADICIONAL DE MATERIA--TÉRMINO DE MATERIA
Término de materia o nombre geográfico como elemento de entrada INDIGENAS DE COLOMBIA
650 14 - PUNTO DE ACCESO ADICIONAL DE MATERIA--TÉRMINO DE MATERIA
Término de materia o nombre geográfico como elemento de entrada GRAMATICA
650 14 - PUNTO DE ACCESO ADICIONAL DE MATERIA--TÉRMINO DE MATERIA
Término de materia o nombre geográfico como elemento de entrada DICCIONARIOS
650 14 - PUNTO DE ACCESO ADICIONAL DE MATERIA--TÉRMINO DE MATERIA
Término de materia o nombre geográfico como elemento de entrada VOCABULARIO
700 1# - PUNTO DE ACCESO ADICIONAL--NOMBRE DE PERSONA
Nombre de persona González de Pérez, María Stella , tr.
901 ## - ELEMENTOS DE DATOS A LOCAL LDA (RLIN)
a Donación : Instituto Caro y Cuervo
Existencias
Estado de retiro Estado de pérdida Fuente del sistema de clasificación o colocación Estado dañado No para préstamo Código de colección Localización permanente Ubicación/localización actual Fecha de adquisición Total de préstamos Signatura topográfica completa Código de barras Fecha visto por última vez Número de copia Precio válido a partir de Tipo de ítem Koha Nota pública
          Referencia Biblioteca Pública San Juan Bosco Biblioteca Pública San Juan Bosco 20/01/2020   R 498.2 D42 MOS015245 05/01/2021 ej.1 20/01/2020 Referencia Préstamo en sala

© Todos los derechos reservados para la Biblioteca Pública Municipal San Juan Bosco, 2020
Secretaria de Cultura de Mosquera
Carrera 3 N° 10 Esquina Centro Cultural Barrio El Carmén Teléfono: 8270830 Ext: 34
Funcionando con KOHA
Contacto: Biblioteca Pública Municipal San Juan Bosco/ bibliotecasanjuanbosco@mosquera-cundinamarca.gov.co
Mosquera, Cundinamarca